[Event "Guelph ProAm int"]
[Site "Guelph CAN"]
[Date "2002.08.08"]
[Round "3"]
[White "Meng, Ang"]
[Black "Buscar, Michael"]
[Result "1/2-1/2"]
[WhiteElo "2228"]
[BlackElo "2041"]
[PlyCount "156"]
[EventDate "2002.08.07"]
[EventType "swiss"]
[EventRounds "9"]
[EventCountry "CAN"]

1. g3 d5 2. Bg2 Nf6 3. c4 e6 4. Nf3 c5 5. Qa4+ Nc6 6. Ne5 Qc7 7. Nxc6 Bd7 8.
cxd5 exd5 9. Qa5 Qxc6 10. Nc3 b6 11. Qa6 Be7 12. Qd3 c4 13. Qf3 Be6 14. h3 Rd8
15. O-O Qd7 16. Kh2 d4 17. Ne4 Nxe4 18. Qxe4 Bf5 19. Qc6 Rc8 20. Qf3 O-O 21. e4
Be6 22. Rd1 d3 23. Re1 Bc5 24. b3 Qd4 25. Rb1 Qxf2 26. Qxf2 Bxf2 27. Rf1 Bd4
28. Rf3 Rfd8 29. Bf1 h6 30. Kg2 Be5 31. bxc4 Bxc4 32. a4 f6 33. Bb2 Bxb2 34.
Rxb2 Ba6 35. Rb3 Rc2 36. Rf2 Ra2 37. Kf3 Rxa4 38. Ke3 Rad4 39. Ra3 Bb7 40. Bxd3
a5 41. Bc2 Bc6 42. d3 a4 43. Rc3 Bb5 44. Rf5 Ba6 45. Rd5 R4xd5 46. exd5 Bb5 47.
Kd4 Ra8 48. Bb1 Bd7 49. g4 Kf7 50. Rc7 Ke7 51. Rb7 b5 52. Rb6 Rc8 53. d6+ Kf7
54. Ba2+ Ke8 55. Rb7 Kd8 56. Bd5 g5 57. Ba2 Bc6 58. Rh7 Rb8 59. Be6 Rb7 60.
Rh8+ Be8 61. Kc3 b4+ 62. Kb2 b3 63. d7 Rxd7 64. Bxd7 Kxd7 65. Rxh6 Ke6 66. Rh8
Bc6 67. Ka3 Ke5 68. Rc8 Bg2 69. Kxa4 Bxh3 70. Kxb3 Bxg4 71. Re8+ Kf4 72. Kc3
Bf3 73. Kd2 g4 74. Ke1 g3 75. Kf1 Bd5 76. Rd8 Ke5 77. Re8+ Kd4 78. Rf8 Kxd3
1/2-1/2

[Event "Guelph ProAm int"]
[Site "Guelph CAN"]
[Date "2002.08.08"]
[Round "3"]
[White "Peredun, Andrew"]
[Black "Saint Amand, Paul"]
[Result "1-0"]
[WhiteElo "2286"]
[BlackElo "2149"]
[PlyCount "141"]
[EventDate "2002.08.07"]
[EventType "swiss"]
[EventRounds "9"]
[EventCountry "CAN"]

1. e4 c5 2. Nf3 d6 3. d4 cxd4 4. Nxd4 Nf6 5. Nc3 a6 6. Bg5 e6 7. Qf3 Nbd7 8.
O-O-O Qc7 9. Be2 Be7 10. Rhe1 O-O 11. Qg3 b5 12. a3 Bb7 13. f4 Rac8 14. Bd3 Nc5
15. e5 dxe5 16. fxe5 Nxd3+ 17. Rxd3 Ne8 18. Qh4 Bxg5+ 19. Qxg5 h6 20. Qf4 Qe7
21. Rg3 Kh7 22. Ree3 f5 23. exf6 Rxf6 24. Rxe6 Rxf4 25. Rxe7 Rf1+ 26. Kd2 Ba8
27. Nd1 Rf6 28. c3 Bd5 29. Ne3 Bg8 30. Rf3 Rxf3 31. Nxf3 Nd6 32. Nd4 Rf8 33.
Ke1 Rf6 34. g4 Nc4 35. Nxc4 Bxc4 36. Nf5 Re6+ 37. Rxe6 Bxe6 38. Ne3 Kg6 39. Kf2
Kf6 40. Kf3 Ke5 41. h4 g6 42. Nc2 Bd5+ 43. Ke3 Be6 44. g5 hxg5 45. hxg5 Bc8 46.
Nd4 Bd7 47. b3 Kd5 48. Kf4 a5 49. Ke3 Be8 50. Kd3 Bd7 51. Nxb5 Ke5 52. Nd4 Kf4
53. b4 axb4 54. axb4 Kxg5 55. Ke4 Kf6 56. c4 Ke7 57. c5 Kd8 58. Kd5 Kc7 59. b5
g5 60. c6 Bc8 61. Kc5 g4 62. b6+ Kb8 63. Ne2 Ba6 64. Ng3 Kc8 65. Kd6 Bd3 66.
b7+ Kb8 67. c7+ Kxb7 68. Kd7 Bb5+ 69. Kd8 Bd7 70. Kxd7 Ka7 71. c8=Q 1-0

[Event "Guelph ProAm int"]
[Site "Guelph CAN"]
[Date "2002.08.08"]
[Round "3"]
[White "Pushkedra, Frank"]
[Black "Predescu, Sebastian"]
[Result "1-0"]
[WhiteElo "2303"]
[BlackElo "2113"]
[PlyCount "59"]
[EventDate "2002.08.07"]
[EventType "swiss"]
[EventRounds "9"]
[EventCountry "CAN"]

1. e4 c5 2. Nf3 d6 3. d4 cxd4 4. Nxd4 Nf6 5. Nc3 a6 6. Bg5 e6 7. f4 Be7 8. Qf3
Qc7 9. O-O-O Nbd7 10. g4 b5 11. Bxf6 Nxf6 12. g5 Nd7 13. f5 Nc5 14. f6 gxf6 15.
gxf6 Bf8 16. Kb1 Bd7 17. Bh3 b4 18. Nce2 Rc8 19. Rhe1 Na4 20. Nf4 Bh6 21. Bxe6
Bxe6 22. Nfxe6 fxe6 23. Qh5+ Qf7 24. Qxh6 Rf8 25. e5 d5 26. Qh3 Nc5 27. Nb3 Ne4
28. Nd4 Nc5 29. Nf3 Rg8 30. Rxd5 1-0

[Event "Guelph ProAm int"]
[Site "Guelph CAN"]
[Date "2002.08.08"]
[Round "3"]
[White "Schleifer, Michael"]
[Black "Schmidt, Tom"]
[Result "1/2-1/2"]
[WhiteElo "2398"]
[BlackElo "2218"]
[PlyCount "68"]
[EventDate "2002.08.07"]
[EventType "swiss"]
[EventRounds "9"]
[EventCountry "CAN"]

1. d4 Nf6 2. c4 e6 3. Nc3 Bb4 4. e3 c5 5. Bd3 Nc6 6. Nf3 Bxc3+ 7. bxc3 d6 8.
O-O e5 9. d5 Ne7 10. e4 h6 11. Nh4 O-O 12. g3 Bh3 13. Ng2 Ng6 14. f3 Qd7 15.
Rf2 Nh7 16. Ne3 Ne7 17. Qc2 f6 18. Bd2 g6 19. f4 Rf7 20. f5 gxf5 21. exf5 Ng5
22. Kh1 Rh7 23. Rg1 Kf7 24. Be2 h5 25. Bd3 Rg8 26. Ng2 Bg4 27. Bxg5 Rxg5 28. h4
Rg8 29. Ne3 Nc8 30. Be4 Kf8 31. a4 a5 32. Qb3 Ke8 33. Kh2 Kd8 34. Rb2 b6
1/2-1/2

[Event "Guelph ProAm int"]
[Site "Guelph CAN"]
[Date "2002.08.08"]
[Round "3"]
[White "Southam, David"]
[Black "Findlay, Ian"]
[Result "0-1"]
[WhiteElo "2200"]
[BlackElo "2385"]
[PlyCount "54"]
[EventDate "2002.08.07"]
[EventType "swiss"]
[EventRounds "9"]
[EventCountry "CAN"]

1. d4 Nf6 2. Nf3 c5 3. d5 e6 4. c4 exd5 5. cxd5 d6 6. Nc3 g6 7. e4 a6 8. a4 Bg4
9. Be2 Bg7 10. Nd2 Bxe2 11. Qxe2 O-O 12. Nc4 Ne8 13. O-O Nd7 14. Bf4 Qe7 15.
Rfe1 Ne5 16. Nxe5 Bxe5 17. Bh6 Qh4 18. Qd2 Qxh2+ 19. Kf1 Ng7 20. Ke2 Qxg2 21.
Rh1 Bxc3 22. Qxc3 Qxe4+ 23. Kd2 Qxd5+ 24. Kc2 Nf5 25. Rad1 Qe4+ 26. Kb3 b5 27.
Rh5 Qxa4# 0-1

[Event "Guelph ProAm int"]
[Site "Guelph CAN"]
[Date "2002.08.08"]
[Round "3"]
[White "Urquhart, Eddie"]
[Black "Krnan, Tomas"]
[Result "0-1"]
[WhiteElo "2288"]
[BlackElo "2165"]
[PlyCount "66"]
[EventDate "2002.08.07"]
[EventType "swiss"]
[EventRounds "9"]
[EventCountry "CAN"]

1. e4 e5 2. Nf3 Nc6 3. d4 exd4 4. Bc4 Nf6 5. e5 Ne4 6. O-O Be7 7. Bd5 Nc5 8. a3
O-O 9. b4 Ne6 10. b5 Nb8 11. Nxd4 Nxd4 12. Qxd4 d6 13. Qe4 c6 14. bxc6 bxc6 15.
Bb3 d5 16. Qe3 Nd7 17. Bb2 Qb6 18. Qg3 Nc5 19. Nd2 Bf5 20. Bd4 Qa5 21. Bc3 Qd8
22. Kh1 d4 23. Bb2 d3 24. Nc4 dxc2 25. Nd6 Bg6 26. Bc4 Rb8 27. Bd4 Ne4 28. Qe3
Bxd6 29. exd6 Re8 30. Rac1 Nxd6 31. Qc3 Nxc4 32. Bxg7 Qg5 33. Qf6 Qe5 0-1

[Event "Guelph ProAm int"]
[Site "Guelph CAN"]
[Date "2002.08.08"]
[Round "3"]
[White "Wight, Keith"]
[Black "Zubac, Marius"]
[Result "0-1"]
[WhiteElo "2147"]
[BlackElo "2242"]
[PlyCount "66"]
[EventDate "2002.08.07"]
[EventType "swiss"]
[EventRounds "9"]
[EventCountry "CAN"]

1. e4 c5 2. Nf3 Nc6 3. d4 cxd4 4. Nxd4 Nf6 5. Nc3 e5 6. Ndb5 d6 7. Bg5 a6 8.
Na3 b5 9. Bxf6 gxf6 10. Nd5 f5 11. g3 fxe4 12. Bg2 Bf5 13. c3 Bg7 14. Nc2 O-O
15. h4 Be6 16. Bxe4 f5 17. Bg2 Rc8 18. h5 h6 19. Qe2 e4 20. Nf4 Bc4 21. Qd2 Ne5
22. O-O-O Bxa2 23. Nb4 Bb3 24. Rde1 Qa5 25. Kb1 Nc6 26. Nfd5 Nxb4 27. Nxb4 d5
28. Bf1 Qa4 29. c4 d4 30. Bd3 exd3 31. Re7 Bc2+ 32. Nxc2 Qxc2+ 33. Qxc2 dxc2+
0-1

[Event "Guelph ProAm int"]
[Site "Guelph CAN"]
[Date "2002.08.09"]
[Round "4"]
[White "Brice, Ron"]
[Black "Dougherty, Michael"]
[Result "0-1"]
[WhiteElo "2070"]
[BlackElo "2404"]
[PlyCount "90"]
[EventDate "2002.08.07"]
[EventType "swiss"]
[EventRounds "9"]
[EventCountry "CAN"]

1. c4 g6 2. g3 Bg7 3. Bg2 e5 4. Nc3 Nc6 5. e4 d6 6. Nge2 Nge7 7. d3 h5 8. h4 a6
9. Rb1 b5 10. b3 Be6 11. Nd5 O-O 12. Be3 Qd7 13. Rc1 Nd4 14. Nxe7+ Qxe7 15.
Bxd4 exd4 16. O-O c5 17. a3 Rab8 18. Rb1 Rb6 19. Qc2 Rfb8 20. f4 Bg4 21. Nc1
Kh7 22. Kh2 f5 23. exf5 gxf5 24. Bd5 Re8 25. Qg2 Bf6 26. Qf2 Rbb8 27. Rb2 Qe3
28. Qg2 Re7 29. Rb1 Rg7 30. Rb2 Re8 31. a4 bxa4 32. bxa4 Bd8 33. Rb8 Ba5 34.
Rxe8 Qxe8 35. Bc6 Qe3 36. Bf3 Bd2 37. Bxg4 hxg4 38. Qd5 Bxc1 39. Qxf5+ Kg8 40.
Qc8+ Kf7 41. Qd7+ Kg8 42. Qxd6 Kh7 43. Qxc5 Qe2+ 44. Kh1 Qxf1+ 45. Kh2 Qh3+ 0-1

[Event "Guelph ProAm int"]
[Site "Guelph CAN"]
[Date "2002.08.09"]
[Round "4"]
[White "Buscar, Michael"]
[Black "Demmery, Steve"]
[Result "1/2-1/2"]
[WhiteElo "2041"]
[BlackElo "2160"]
[PlyCount "68"]
[EventDate "2002.08.07"]
[EventType "swiss"]
[EventRounds "9"]
[EventCountry "CAN"]

1. d4 d5 2. c4 Bf5 3. Nc3 e6 4. cxd5 exd5 5. Nf3 c6 6. Bg5 Qb6 7. Qd2 Nd7 8. e3
Ngf6 9. a3 h6 10. Bxf6 Nxf6 11. Be2 Bd6 12. O-O Ne4 13. Nxe4 Bxe4 14. Ne1 Qc7
15. h3 Qe7 16. Bd3 O-O 17. Bxe4 Qxe4 18. Nd3 Rae8 19. Nc5 Qe7 20. b4 f5 21. Nd3
Qh4 22. f4 g5 23. Ne5 Bxe5 24. dxe5 Re6 25. b5 Rg6 26. bxc6 bxc6 27. Rac1 Kh7
28. Rc3 Rfg8 29. Qc2 g4 30. Qf2 Qe7 31. hxg4 Rxg4 32. Rxc6 Rxg2+ 33. Qxg2 Rxg2+
34. Kxg2 Qxa3 1/2-1/2

[Event "Guelph ProAm int"]
[Site "Guelph CAN"]
[Date "2002.08.09"]
[Round "4"]
[White "Divljan, Igor"]
[Black "Krnan, Tomas"]
[Result "0-1"]
[WhiteElo "2271"]
[BlackElo "2165"]
[PlyCount "114"]
[EventDate "2002.08.07"]
[EventType "swiss"]
[EventRounds "9"]
[EventCountry "CAN"]

1. d4 Nf6 2. c4 g6 3. Nc3 Bg7 4. e4 d6 5. h3 O-O 6. Nf3 e5 7. d5 a5 8. Be3 Na6
9. Nd2 Nd7 10. Nb3 b6 11. g4 Ndc5 12. Nxc5 Nxc5 13. a3 f5 14. b4 Nxe4 15. Nxe4
fxe4 16. Bg2 axb4 17. axb4 Rxa1 18. Qxa1 Qh4 19. Qc1 Bh6 20. Qd2 Bxe3 21. Qxe3
Rf4 22. Qg3 Qg5 23. O-O h5 24. gxh5 Qxh5 25. Ra1 Kg7 26. Ra8 Rf8 27. Bxe4 Bxh3
28. Rxf8 Kxf8 29. Bxg6 Qg4 30. Qxg4 Bxg4 31. Bd3 Kf7 32. Kg2 Kf6 33. f3 Bf5 34.
Be4 Kg6 35. Kh2 Kg5 36. Kg3 Bg6 37. Bxg6 Kxg6 38. Kg4 b5 39. cxb5 Kf6 40. f4 e4
41. f5 e3 42. Kf3 Kxf5 43. Kxe3 Ke5 44. Kd3 Kxd5 45. Kc3 Ke4 46. Kc4 Ke5 47.
Kc3 d5 48. Kd3 d4 49. Kc4 Ke4 50. Kc5 d3 51. Kc6 d2 52. Kxc7 d1=Q 53. b6 Ke5
54. b7 Qd6+ 55. Kc8 Qc6+ 56. Kb8 Kd6 57. Ka7 Qa4+ 0-1

[Event "Guelph ProAm int"]
[Site "Guelph CAN"]
[Date "2002.08.09"]
[Round "4"]
[White "Egorov, Mikhail"]
[Black "Rolfe, Warrick"]
[Result "0-1"]
[WhiteElo "2092"]
[BlackElo "2221"]
[PlyCount "116"]
[EventDate "2002.08.07"]
[EventType "swiss"]
[EventRounds "9"]
[EventCountry "CAN"]

1. Nf3 Nf6 2. c4 g6 3. g3 Bg7 4. Bg2 O-O 5. O-O d6 6. d4 Bd7 7. Nc3 Qc8 8. e4
Bg4 9. Be3 Nc6 10. Qd2 Bxf3 11. Bxf3 e5 12. d5 Ne7 13. c5 Ng4 14. Bxg4 Qxg4 15.
cxd6 cxd6 16. f3 Qd7 17. Rac1 b5 18. b3 f5 19. a4 a6 20. exf5 gxf5 21. f4 e4
22. Bd4 Rfc8 23. g4 Bxd4+ 24. Qxd4 Rc5 25. gxf5 Nxf5 26. Qxe4 Re8 27. Qg2+ Kh8
28. Ne4 Rxc1 29. Rxc1 bxa4 30. Kh1 Qe7 31. Qb2+ Qg7 32. Qxg7+ Kxg7 33. Rg1+ Kh6
34. Nf6 Rf8 35. Ng4+ Kh5 36. bxa4 Ne7 37. Nf2 Rxf4 38. Rg7 Nxd5 39. Nh3 Rxa4
40. Rg5+ Kh4 41. Rxd5 Kxh3 42. Rd3+ Kg4 43. Rxd6 h5 44. Rg6+ Kh3 45. Rg3+ Kh4
46. Rg6 a5 47. Rd6 Ra2 48. Rd4+ Kh3 49. Rd3+ Kg4 50. Rg3+ Kh4 51. Rc3 a4 52.
Rc4+ Kh3 53. Rc3+ Kg4 54. Rg3+ Kf4 55. Rh3 a3 56. Rxh5 Rb2 57. Ra5 a2 58. Ra4+
Kf3 0-1

[Event "Guelph ProAm int"]
[Site "Guelph CAN"]
[Date "2002.08.09"]
[Round "4"]
[White "Fedorowicz, John"]
[Black "Hamilton, Robert"]
[Result "1-0"]
[WhiteElo "2545"]
[BlackElo "2370"]
[PlyCount "79"]
[EventDate "2002.08.07"]
[EventType "swiss"]
[EventRounds "9"]
[EventCountry "CAN"]

1. d4 d5 2. c4 e6 3. Nc3 Nf6 4. cxd5 exd5 5. Bg5 c6 6. Qc2 Be7 7. e3 Bg4 8.
Nge2 Bxe2 9. Bxe2 O-O 10. O-O Ne8 11. Bxe7 Qxe7 12. Bd3 g6 13. Rab1 a5 14. a3
f5 15. Rfe1 Nd6 16. g3 Nd7 17. Bf1 b5 18. a4 b4 19. Ne2 Rac8 20. Nf4 g5 21. Nd3
h5 22. Rbc1 h4 23. gxh4 gxh4 24. Nf4 Qf7 25. Kh1 Nf6 26. Ba6 Rc7 27. Rg1+ Kh7
28. Bd3 Nh5 29. Ng6 Ng3+ 30. Rxg3 hxg3 31. Nxf8+ Qxf8 32. hxg3 Ne4 33. Kg2 Kg6
34. Rh1 Qd6 35. Qe2 Rg7 36. Qh5+ Kf6 37. Bxe4 fxe4 38. Qh6+ Rg6 39. Qf4+ Ke7
40. Rh7+ 1-0

[Event "Guelph ProAm int"]
[Site "Guelph CAN"]
[Date "2002.08.09"]
[Round "4"]
[White "Findlay, Ian"]
[Black "Arencibia, Walter"]
[Result "0-1"]
[WhiteElo "2385"]
[BlackElo "2534"]
[PlyCount "74"]
[EventDate "2002.08.07"]
[EventType "swiss"]
[EventRounds "9"]
[EventCountry "CAN"]

1. e4 e6 2. d4 d5 3. Nd2 Nf6 4. e5 Nfd7 5. Bd3 c5 6. c3 b6 7. Ne2 Ba6 8. Bc2
Nc6 9. Nf3 b5 10. a3 cxd4 11. cxd4 b4 12. O-O bxa3 13. bxa3 Rc8 14. Re1 Qc7 15.
Bb1 Na5 16. Bd2 Bc4 17. Bxa5 Qxa5 18. Nf4 Be7 19. h4 O-O 20. Re3 Rfe8 21. Ng5
Bxg5 22. hxg5 Nf8 23. Rh3 g6 24. Bc2 Bb5 25. Rb1 Re7 26. Re3 Rec7 27. Bb3 Ba6
28. Nd3 Bxd3 29. Rxd3 Qxa3 30. Bxd5 Qe7 31. Bf3 Qxg5 32. Qb3 Nd7 33. Re3 Nb6
34. d5 Rc1+ 35. Re1 R8c3 36. Qb5 Rxe1+ 37. Rxe1 Rxf3 0-1

[Event "Guelph ProAm int"]
[Site "Guelph CAN"]
[Date "2002.08.09"]
[Round "4"]
[White "Kret, Ted"]
[Black "Day, Lawrence"]
[Result "1/2-1/2"]
[WhiteElo "2149"]
[BlackElo "2433"]
[PlyCount "52"]
[EventDate "2002.08.07"]
[EventType "swiss"]
[EventRounds "9"]
[EventCountry "CAN"]

1. d4 e6 2. c4 Nf6 3. Nc3 d5 4. Nf3 Nbd7 5. Bg5 Be7 6. e3 Ne4 7. Bxe7 Qxe7 8.
cxd5 Nxc3 9. bxc3 exd5 10. Bd3 O-O 11. Qc2 Nf6 12. Rc1 Be6 13. Ng5 h6 14. Nxe6
Qxe6 15. c4 dxc4 16. Qxc4 Qg4 17. O-O c6 18. Rb1 Qd7 19. Rb2 Rfc8 20. Rc1 Rc7
21. Rbc2 Rd8 22. Be2 Nd5 23. Bf3 Qe6 24. Qa4 a6 25. Qa5 Rcd7 26. Qa3 Re8
1/2-1/2

[Event "Guelph ProAm int"]
[Site "Guelph CAN"]
[Date "2002.08.09"]
[Round "4"]
[White "Mazock, Michael"]
[Black "Boulay, David"]
[Result "1-0"]
[WhiteElo "2193"]
[BlackElo "2151"]
[PlyCount "46"]
[EventDate "2002.08.07"]
[EventType "swiss"]
[EventRounds "9"]
[EventCountry "CAN"]

1. d4 Nf6 2. c4 e6 3. Nc3 Bb4 4. e3 O-O 5. Bd3 c5 6. Nge2 cxd4 7. exd4 d5 8. c5
b6 9. a3 Bxc3+ 10. Nxc3 bxc5 11. dxc5 e5 12. O-O h6 13. b4 Nbd7 14. Bd2 e4 15.
Bc2 Ne5 16. Bf4 Bg4 17. Qd4 Nf3+ 18. gxf3 Bxf3 19. Bd1 Qd7 20. Bxf3 exf3 21.
Kh1 Qh3 22. Rg1 Nh5 23. Bxh6 Nf4 1-0

[Event "Guelph ProAm int"]
[Site "Guelph CAN"]
[Date "2002.08.09"]
[Round "4"]
[White "Miletic, Damir"]
[Black "Raheb, David"]
[Result "1/2-1/2"]
[WhiteElo "2229"]
[BlackElo "2219"]
[PlyCount "55"]
[EventDate "2002.08.07"]
[EventType "swiss"]
[EventRounds "9"]
[EventCountry "CAN"]

1. d4 Nf6 2. c4 g6 3. g3 Bg7 4. Bg2 O-O 5. Nf3 d6 6. O-O Nc6 7. b3 e5 8. Nc3
Bg4 9. dxe5 dxe5 10. Ba3 Qxd1 11. Raxd1 Rfe8 12. h3 Bxf3 13. Bxf3 e4 14. Bg2 a6
15. Nd5 Nxd5 16. Rxd5 f5 17. Rfd1 Rad8 18. Rxd8 Rxd8 19. Rxd8+ Nxd8 20. f3 exf3
21. Bxf3 c6 22. e4 fxe4 23. Bxe4 Bd4+ 24. Kg2 Kf7 25. Kf3 Kf6 26. h4 h5 27. Bc1
Nf7 28. Bf4 1/2-1/2

[Event "Guelph ProAm int"]
[Site "Guelph CAN"]
[Date "2002.08.09"]
[Round "4"]
[White "Milicevic, Goran"]
[Black "Southam, David"]
[Result "1-0"]
[WhiteElo "2414"]
[BlackElo "2200"]
[PlyCount "65"]
[EventDate "2002.08.07"]
[EventType "swiss"]
[EventRounds "9"]
[EventCountry "CAN"]

1. e4 c6 2. d4 d5 3. e5 Bf5 4. Ne2 e6 5. Nf4 c5 6. g4 Be4 7. f3 Qh4+ 8. Ke2 Bg6
9. c3 Qd8 10. Be3 Qb6 11. Qd2 Bxb1 12. Rxb1 Nd7 13. Kf2 f6 14. exf6 gxf6 15. c4
O-O-O 16. cxd5 cxd4 17. Qxd4 Qxd4 18. Bxd4 e5 19. Bxa7 exf4 20. Rc1+ Bc5+ 21.
Bxc5 Nxc5 22. Rxc5+ Kb8 23. Bd3 h5 24. Be4 Nh6 25. gxh5 Rhe8 26. Bg6 Re5 27.
Re1 Rg5 28. Re4 Rgxd5 29. Rxd5 Rxd5 30. Rxf4 f5 31. Kg3 Rd2 32. Bxf5 Rxb2 33.
Be6 1-0

[Event "Guelph ProAm int"]
[Site "Guelph CAN"]
[Date "2002.08.09"]
[Round "4"]
[White "Ochkoos, Jura"]
[Black "Garcia, Alvaro"]
[Result "1-0"]
[WhiteElo "2341"]
[BlackElo "2266"]
[PlyCount "89"]
[EventDate "2002.08.07"]
[EventType "swiss"]
[EventRounds "9"]
[EventCountry "CAN"]

1. e4 e6 2. d4 d5 3. e5 c5 4. c3 Qb6 5. Nf3 Nc6 6. a3 Bd7 7. b4 cxd4 8. cxd4
Rc8 9. Be3 a5 10. b5 Nce7 11. Qa4 Nh6 12. Bd3 Nef5 13. Bd2 Qa7 14. O-O b6 15.
Nc3 Be7 16. Ne2 f6 17. h3 O-O 18. g4 fxe5 19. dxe5 Nh4 20. Nxh4 Bxh4 21. g5 Nf5
22. Qg4 Qc7 23. Bf4 Qc5 24. a4 Nd4 25. Be3 Nf3+ 26. Kg2 Qc7 27. Bf4 Rxf4 28.
Nxf4 Qxe5 29. Qxf3 Rf8 30. Bxh7+ Kxh7 31. Qh5+ Kg8 32. Qh8+ Kxh8 33. Ng6+ Kh7
34. Nxe5 Be8 35. f4 Rf5 36. Ng4 e5 37. Nxe5 Bxg5 38. fxg5 Rxe5 39. h4 Bg6 40.
Rae1 Be4+ 41. Kg3 Re8 42. h5 Rd8 43. Rf7 Kg8 44. g6 Rc8 45. Rd7 1-0

[Event "Guelph ProAm int"]
[Site "Guelph CAN"]
[Date "2002.08.09"]
[Round "4"]
[White "Patterson, Roger"]
[Black "Wight, Keith"]
[Result "1-0"]
[WhiteElo "2225"]
[BlackElo "2147"]
[PlyCount "67"]
[EventDate "2002.08.07"]
[EventType "swiss"]
[EventRounds "9"]
[EventCountry "CAN"]

1. e4 c5 2. Nf3 d6 3. d4 cxd4 4. Nxd4 Nf6 5. Nc3 a6 6. f4 e5 7. Nf3 Nbd7 8. a4
Be7 9. Bd3 O-O 10. O-O Nc5 11. Kh1 exf4 12. Bxf4 Bg4 13. Qd2 Rc8 14. Nd4 Re8
15. a5 Nh5 16. Be3 Bf6 17. Nd5 Be5 18. Qf2 Kh8 19. b4 Ne6 20. c3 Ng5 21. Qh4
Nf3 22. Qxg4 Nxh2 23. Qxh5 Nxf1 24. Rxf1 g6 25. Qg5 f6 26. Qh4 Rg8 27. Nf3 g5
28. Nxe5 dxe5 29. Qf2 Rg6 30. Bc5 g4 31. Be7 Rh6+ 32. Kg1 Qe8 33. Bxf6+ Kg8 34.
Ne7+ 1-0

[Event "Guelph ProAm int"]
[Site "Guelph CAN"]
[Date "2002.08.09"]
[Round "4"]
[White "Predescu, Sebastian"]
[Black "Schleifer, Michael"]
[Result "1/2-1/2"]
[WhiteElo "2113"]
[BlackElo "2398"]
[PlyCount "42"]
[EventDate "2002.08.07"]
[EventType "swiss"]
[EventRounds "9"]
[EventCountry "CAN"]

1. e4 c5 2. Nf3 e6 3. d4 cxd4 4. Nxd4 Nf6 5. Nc3 d6 6. Bc4 Be7 7. Bb3 O-O 8. f4
Na6 9. f5 e5 10. Nde2 Nc5 11. Ng3 Bd7 12. Bg5 Nfxe4 13. Bxe7 Nxc3 14. Qxd6 N3e4
15. Bxd8 Nxd6 16. Be7 Nxb3 17. axb3 Nxf5 18. Bxf8 Kxf8 19. Nxf5 Bxf5 20. c3 a6
21. b4 Bd3 1/2-1/2

[Event "Guelph ProAm int"]
[Site "Guelph CAN"]
[Date "2002.08.09"]
[Round "4"]
[White "Saint Amand, Paul"]
[Black "Urquhart, Eddie"]
[Result "0-1"]
[WhiteElo "2149"]
[BlackElo "2288"]
[PlyCount "116"]
[EventDate "2002.08.07"]
[EventType "swiss"]
[EventRounds "9"]
[EventCountry "CAN"]

1. e4 c6 2. d4 d5 3. Nd2 dxe4 4. Nxe4 Nf6 5. Nxf6+ gxf6 6. c3 Bf5 7. Bf4 Nd7 8.
Bd3 Bg6 9. Ne2 Qb6 10. Bxg6 hxg6 11. Qb3 e6 12. Qxb6 Nxb6 13. O-O-O Nd5 14. Bg3
Bg7 15. Kc2 O-O-O 16. h3 e5 17. Rhe1 Rhe8 18. Nc1 e4 19. Re2 f5 20. Rde1 Kd7
21. Nb3 b6 22. Nd2 Bh6 23. Nc4 f6 24. Bh2 Bf4 25. g3 Bc7 26. h4 Rh8 27. Bg1 b5
28. Nd2 Bd6 29. Ra1 Nb6 30. Rf1 Rhe8 31. Rfe1 Nd5 32. Bh2 Rh8 33. Nf1 Rhe8 34.
Bg1 Re7 35. Bh2 Rde8 36. Ne3 Nxe3+ 37. fxe3 Rh7 38. Rg2 Ke6 39. Bg1 a5 40. Bf2
Reh8 41. g4 Rg8 42. gxf5+ Kxf5 43. Reg1 g5 44. Rg4 Rh5 45. Kd2 Rgh8 46. hxg5
Rxg5 47. R4g2 Rh3 48. Ke2 Bh2 49. Rxg5+ fxg5 50. Rg2 g4 51. Be1 Bc7 52. Rf2+
Kg6 53. Bd2 g3 54. Rg2 Kf5 55. b3 Kg4 56. Rg1 Rh2+ 57. Ke1 Kh3 58. c4 g2 0-1

[Event "Guelph ProAm int"]
[Site "Guelph CAN"]
[Date "2002.08.09"]
[Round "4"]
[White "Tyomkin, Dimitri"]
[Black "Pushkedra, Frank"]
[Result "1/2-1/2"]
[WhiteElo "2519"]
[BlackElo "2303"]
[PlyCount "37"]
[EventDate "2002.08.07"]
[EventType "swiss"]
[EventRounds "9"]
[EventCountry "CAN"]

1. d4 Nf6 2. Nf3 g6 3. Bg5 Bg7 4. Nbd2 c5 5. e3 O-O 6. c3 b6 7. Bxf6 Bxf6 8.
Ne4 Bg7 9. dxc5 bxc5 10. Nxc5 Qb6 11. Nb3 a5 12. a4 Na6 13. Be2 Rb8 14. Ra3 d6
15. Nfd4 Nc7 16. Nb5 Bd7 17. Nxc7 Qxc7 18. O-O Qb6 19. Bg4 1/2-1/2

[Event "Guelph ProAm int"]
[Site "Guelph CAN"]
[Date "2002.08.09"]
[Round "5"]
[White "Arencibia, Walter"]
[Black "Tyomkin, Dimitri"]
[Result "1/2-1/2"]
[WhiteElo "2534"]
[BlackElo "2519"]
[PlyCount "20"]
[EventDate "2002.08.07"]
[EventType "swiss"]
[EventRounds "9"]
[EventCountry "CAN"]

1. d4 d5 2. c4 c6 3. cxd5 cxd5 4. Nc3 Nf6 5. Bf4 Nc6 6. e3 a6 7. Nf3 Bg4 8. Be2
e6 9. O-O Bd6 10. Bxd6 Qxd6 1/2-1/2

[Event "Guelph ProAm int"]
[Site "Guelph CAN"]
[Date "2002.08.09"]
[Round "5"]
[White "Boulay, David"]
[Black "Egorov, Mikhail"]
[Result "1/2-1/2"]
[WhiteElo "2151"]
[BlackElo "2092"]
[PlyCount "101"]
[EventDate "2002.08.07"]
[EventType "swiss"]
[EventRounds "9"]
[EventCountry "CAN"]

1. e4 c5 2. Nf3 Nc6 3. Nc3 a6 4. d4 cxd4 5. Nxd4 e5 6. Nde2 d6 7. g3 Be7 8. Bg2
Be6 9. O-O Nf6 10. Nd5 O-O 11. c4 Nd7 12. Be3 Bg5 13. Qd2 Bxe3 14. Nxe3 Nf6 15.
Rfd1 Qa5 16. Qxa5 Nxa5 17. b3 Rfd8 18. Rd2 b5 19. cxb5 axb5 20. Rc1 Nb7 21. Nc3
Nc5 22. b4 Nb7 23. Ncd5 Nxd5 24. Nxd5 Ra4 25. Rc7 Rb8 26. Ne7+ Kf8 27. Nc6 Rc8
28. Rxc8+ Bxc8 29. Bf1 Be6 30. Bxb5 Ra3 31. Be2 Bxa2 32. Bg4 Be6 33. Bxe6 fxe6
34. Rc2 Ra8 35. b5 Ke8 36. Nb4 Nc5 37. Nc6 Kd7 38. Nxe5+ Kc7 39. f3 Ra1+ 40.
Kg2 Rb1 41. Nd3 Rxb5 42. e5 Kb6 43. Nxc5 dxc5 44. Rd2 c4 45. Rd6+ Kc5 46. Rxe6
c3 47. Re8 Kc4 48. e6 c2 49. e7 Re5 50. Rc8+ Kd3 51. Rd8+ 1/2-1/2

[Event "Guelph ProAm int"]
[Site "Guelph CAN"]
[Date "2002.08.09"]
[Round "5"]
[White "Degraeve, Jean Marc"]
[Black "Hacatoglu, Kevork"]
[Result "1-0"]
[WhiteElo "2635"]
[BlackElo "2245"]
[PlyCount "71"]
[EventDate "2002.08.07"]
[EventType "swiss"]
[EventRounds "9"]
[EventCountry "CAN"]

1. e4 e6 2. d4 d5 3. Nd2 Nf6 4. e5 Nfd7 5. Ngf3 c5 6. c3 Nc6 7. Bd3 g6 8. h4
Qb6 9. h5 g5 10. Nxg5 cxd4 11. cxd4 h6 12. Ngf3 Nxd4 13. Nxd4 Qxd4 14. Nf3 Qg4
15. g3 Be7 16. Bf4 Nc5 17. Be2 Bd7 18. Rc1 Qg7 19. Nd4 a6 20. a3 Rc8 21. b4 Ne4
22. Rxc8+ Bxc8 23. Qc1 Bd7 24. Qc7 f6 25. Bd3 fxe5 26. Bxe5 Bf6 27. Nxe6 Qe7
28. Bxf6 Qxf6 29. Nf4 Qa1+ 30. Ke2 Bg4+ 31. Ke3 d4+ 32. Kxe4 Qxh1+ 33. Ke5 Qe1+
34. Kd6 Rg8 35. Bg6+ Rxg6+ 36. hxg6 1-0

[Event "Guelph ProAm int"]
[Site "Guelph CAN"]
[Date "2002.08.09"]
[Round "5"]
[White "Demmery, Steve"]
[Black "Brice, Ron"]
[Result "0-1"]
[WhiteElo "2160"]
[BlackElo "2070"]
[PlyCount "84"]
[EventDate "2002.08.07"]
[EventType "swiss"]
[EventRounds "9"]
[EventCountry "CAN"]

1. d4 Nf6 2. c4 c5 3. d5 e6 4. Nc3 exd5 5. cxd5 d6 6. Nf3 g6 7. Bf4 a6 8. a4
Nbd7 9. h3 Qe7 10. e3 Bg7 11. Bc4 O-O 12. O-O Re8 13. Re1 Ne4 14. Qc2 Nxc3 15.
bxc3 Nf6 16. e4 Nxe4 17. Bxd6 Qxd6 18. Rxe4 Rxe4 19. Qxe4 Bxc3 20. Qe8+ Qf8 21.
Qxf8+ Kxf8 22. Rc1 Bb4 23. Ne5 f6 24. Nd3 Bd7 25. Bb3 Rc8 26. Nxb4 cxb4 27.
Rxc8+ Bxc8 28. Kf1 Ke7 29. Ke2 Kd6 30. Ke3 Kc5 31. f3 a5 32. Ke4 Bd7 33. g4 b5
34. axb5 Bxb5 35. h4 a4 36. Bd1 b3 37. g5 fxg5 38. hxg5 Bc4 39. d6 Kxd6 40. Kd4
a3 41. Kc3 a2 42. Kb2 Ke5 0-1